The Routledge handbook of philosophy and science of addiction / (Record no. 10011)
[ view plain ]
| 000 -LEADER | |
|---|---|
| fixed length control field | 02003nam a22002297a 4500 |
| 005 - ΗΜΕΡΟΜΗΝΙΑ ΚΑΙ ΩΡΑ ΤΕΛΕΥΤΑΙΑΣ ΕΝΗΜΕΡΩΣΗΣ | |
| Πεδίο ελέγχου | 20260107105600.0 |
| 007 - PHYSICAL DESCRIPTION FIXED FIELD--GENERAL INFORMATION | |
| fixed length control field | ta |
| 008 - FIXED-LENGTH DATA ELEMENTS--GENERAL INFORMATION | |
| Πεδίο ελέγχου σταθερού μήκους | s2019 nyu ob 001 0 eng d |
| 020 ## - ISBN | |
| ISBN | 9780367571504 |
| 040 ## - ΠΗΓΗ ΚΑΤΑΛΟΓΟΓΡΑΦΗΣΗΣ | |
| Φορέας πρωτότυπης καταλογογράφησης | MC Athens Campus Library |
| Γλώσσα καταλογογράφησης | Αγγλικά |
| Modifying agency | MC Athens Campus Library |
| 245 04 - ΤΙΤΛΟΣ ΚΑΙ ΔΗΛΩΣΗ ΥΠΕΥΘΥΝΟΤΗΤΑΣ | |
| Τίτλος | The Routledge handbook of philosophy and science of addiction / |
| Statement of responsibility, etc. | edited by Hanna Pickard and Serge H. Ahmed. |
| 250 ## - EDITION STATEMENT | |
| Edition statement | 1st ed. |
| 264 #1 - PRODUCTION, PUBLICATION, DISTRIBUTION, MANUFACTURE, AND COPYRIGHT NOTICE | |
| Place of production, publication, distribution, manufacture | London ; |
| -- | New York : |
| Name of producer, publisher, distributor, manufacturer | Routledge, Taylor & Francis Group |
| Date of production, publication, distribution, manufacture, or copyright notice | 2019 |
| 490 0# - SERIES STATEMENT | |
| Δήλωση σειράς | Routledge handbooks in philosophy |
| 504 ## - ΣΗΜΕΙΩΣΗ ΒΙΒΛΙΟΓΡΑΦΙΑΣ κλπ. | |
| Σημείωση βιβλιογραφίας, κλπ. | Includes bibliographical references and index. |
| 520 ## - SUMMARY, ETC. | |
| Summary, etc. | The problem of addiction is one of the major challenges and controversies confronting medicine and society. It also poses important and complex philosophical and scientific problems. What is addiction? Why does it occur? And how should we respond to it, as individuals and as a society?<br/>The Routledge Handbook of Philosophy and Science of Addiction is an outstanding reference source to the key topics, problems and debates in this exciting subject. It spans several disciplines and is the first collection of its kind. Organised into three clear parts, forty-five chapters by a team of international contributors examine key areas, including: the meaning of addiction to individuals, conceptions of addiction, varieties and taxonomies of addiction, methods and models of addiction, evolution and addiction, history, sociology and anthropology, population distribution and epidemiology, developmental processes, vulnerabilities and resilience, psychological and neural mechanisms, prevention, treatment and spontaneous recovery, public health and the ethics of care<br/>social justice, law and policy. |
| 650 #0 - SUBJECT ADDED ENTRY--TOPICAL TERM | |
| Topical term or geographic name entry element | Psychology |
| 9 (RLIN) | 10056 |
| 700 ## - ΠΡΟΣΘΕΤΗ ΑΝΑΓΡΑΦΗ--ΦΥΣΙΚΟ ΠΡΟΣΩΠΟ | |
| Personal name | Pickard, Hanna |
| 9 (RLIN) | 10216 |
| 776 08 - ADDITIONAL PHYSICAL FORM ENTRY | |
| Πληροφορίες σχέσης | Print version: |
| Τίτλος | The Routledge handbook of philosophy and science of addiction |
| Τόπος, εκδότης και ημερομηνία δημοσίευσης | New York : Routledge, Taylor & Francis Group [2019] |
| ISBN | 9781138909281 (hardback : alk. paper) |
| Record control number | (DLC) 2017058207 |
| 942 ## - ADDED ENTRY ELEMENTS (KOHA) | |
| Koha item type | Books |
| Τύπος τεκμηρίου | Βιβλιοθήκη | Τρέχουσα τοποθεσία | Barcode | Αριθμός εισαγωγής | Ημερομηνία απόκτησης | Ταξιθετικό σύμβολο | Αριθμός αντιτύπου | Κατάσταση απόσυρσης | Κατάσταση χαμένου | Κατάσταση κατεστραμμένου | Μη δανεισμός | Σύνολο δανεισμών | Ημερομηνία τελευταίας εμφάνισης | Η τιμή ισχύει από |
|---|---|---|---|---|---|---|---|---|---|---|---|---|---|---|
| Books | MC Athens Campus Library | MC Athens Campus Library | 9780000100184 | 8216 | 07/01/2026 | 616.8584 PIC | 1 | 07/01/2026 | 07/01/2026 |